[Event "Belgrade Serbia op"]
[Site "Belgrade"]
[Date "2021.07.06"]
[Round "6"]
[White "Kovacevic, Radmila"]
[Black "Dimitrov, Vladimir"]
[Result "1/2-1/2"]
[WhiteElo "2093"]
[BlackElo "2314"]
[PlyCount "71"]
[EventDate "2021.07.02"]
[EventType "swiss"]
[EventRounds "9"]
[EventCountry "SRB"]
[SourceTitle "EXT 2022"]
[Source "ChessBase"]
[SourceDate "2021.10.06"]
[SourceVersion "1"]
[SourceVersionDate "2021.10.06"]
[SourceQuality "1"]

1. e4 c5 2. Nf3 e6 3. c3 d5 4. exd5 Qxd5 5. Na3 Nf6 6. d4 Nc6 7. Nb5 Qd8 8. dxc5 Bxc5 9. Qxd8+ Kxd8 10. Bg5 a6 11. Nbd4 Bd7 12. Nxc6+ Bxc6 13. Ne5 Be8 14. Be2 h6 15. Bh4 g5 16. Nd3 Be7 17. Bg3 Ne4 18. Be5 f6 19. Bd4 Kc7 20. f3 Nd6 21. 0-0-0 Bf7 22. Bf2 Rad8 23. Bg3 e5 24. b3 Bg6 25. Kb2 Nf5 26. Nxe5 fxe5 27. Bxe5+ Nd6 28. Bxh8 Rxh8 29. Rhe1 Bf8 30. Bd3 Be8 31. a4 a5 32. Re5 b6 33. Kc2 Bd7 34. Bb5 Nxb5 35. axb5 Rh7 36. h3 1/2-1/2

[Event "Belgrade Serbia op"]
[Site "Belgrade"]
[Date "2021.07.05"]
[Round "5"]
[White "Rakshitta, Ravi"]
[Black "Dimitrov, Vladimir"]
[Result "1-0"]
[WhiteElo "2190"]
[BlackElo "2314"]
[PlyCount "35"]
[EventDate "2021.07.02"]
[EventType "swiss"]
[EventRounds "9"]
[EventCountry "SRB"]
[SourceTitle "CBM 203 Extra"]
[Source "ChessBase"]
[SourceDate "2021.09.30"]
[SourceVersion "1"]
[SourceVersionDate "2021.09.30"]
[SourceQuality "1"]

1. Nf3 c5 2. g3 g6 3. c4 Bg7 4. Bg2 Nc6 5. Nc3 e6 6. 0-0 Nge7 7. d4 cxd4 8. Nb5 d5 9. cxd5 Nxd5 10. Nbxd4 Nxd4 11. Nxd4 0-0 12. e4 Nb6 13. Nb5 a6 14. Nd6 Be5 15. Bf4 Bxf4 16. gxf4 Qf6 17. Qb3 Nd7 18. Rfd1 1-0

[Event "Belgrade Serbia op"]
[Site "Belgrade"]
[Date "2021.07.04"]
[Round "4"]
[White "Dimitrov, Vladimir"]
[Black "Karaoglan, Kivanc"]
[Result "1/2-1/2"]
[WhiteElo "2314"]
[BlackElo "2192"]
[PlyCount "36"]
[EventDate "2021.07.02"]
[EventType "swiss"]
[EventRounds "9"]
[EventCountry "SRB"]
[SourceTitle "CBM 203 Extra"]
[Source "ChessBase"]
[SourceDate "2021.09.30"]
[SourceVersion "1"]
[SourceVersionDate "2021.09.30"]
[SourceQuality "1"]

1. d4 d5 2. c4 e6 3. Nc3 c5 4. cxd5 exd5 5. Nf3 Nc6 6. g3 Nf6 7. Bg2 cxd4 8. Nxd4 Bc5 9. Nxc6 bxc6 10. 0-0 0-0 11. Na4 Bb6 12. Qc2 Ba6 13. Rd1 Re8 14. e3 Rc8 15. b3 Qe7 16. Bb2 Ne4 17. Nxb6 axb6 18. Rd4 Bb7 1/2-1/2

[Event "Belgrade Serbia op"]
[Site "Belgrade"]
[Date "2021.07.03"]
[Round "3"]
[White "Kosmas Lekkas, Dimitrios"]
[Black "Dimitrov, Vladimir"]
[Result "1-0"]
[WhiteElo "2186"]
[BlackElo "2314"]
[PlyCount "33"]
[EventDate "2021.07.02"]
[EventType "swiss"]
[EventRounds "9"]
[EventCountry "SRB"]
[SourceTitle "CBM 203 Extra"]
[Source "ChessBase"]
[SourceDate "2021.09.30"]
[SourceVersion "1"]
[SourceVersionDate "2021.09.30"]
[SourceQuality "1"]

1. e4 c5 2. Nf3 d6 3. d4 cxd4 4. Nxd4 Nf6 5. Nc3 a6 6. Bc4 e6 7. 0-0 b5 8. Bb3 Be7 9. f4 Bb7 10. Bxe6 fxe6 11. Nxe6 Qb6+ 12. Kh1 Kd7 13. f5 Qc6 14. Bg5 b4 15. Bxf6 Bxf6 16. Nd5 Kc8 17. c3 1-0

[Event "Veliko Gradiste Silver Lake op-A"]
[Site "Veliko Gradiste"]
[Date "2021.06.27"]
[Round "6"]
[White "Tyurin, Artem"]
[Black "Dimitrov, Vladimir"]
[Result "1-0"]
[WhiteElo "2106"]
[BlackElo "2314"]
[PlyCount "51"]
[EventDate "2021.06.23"]
[EventType "swiss"]
[EventRounds "9"]
[EventCountry "SRB"]
[SourceTitle "EXT 2022"]
[Source "ChessBase"]
[SourceDate "2021.10.06"]
[SourceVersion "1"]
[SourceVersionDate "2021.10.06"]
[SourceQuality "1"]

1. c4 c5 2. Nc3 g6 3. g3 Bg7 4. Bg2 Nc6 5. Nf3 e6 6. h4 h6 7. e3 Nge7 8. d4 cxd4 9. Nxd4 Nxd4 10. exd4 d6 11. h5 g5 12. d5 0-0 13. 0-0 e5 14. b3 Bd7 15. Ne4 Nc8 16. Ba3 Be8 17. c5 f5 18. Nxd6 Nxd6 19. cxd6 Rf7 20. Re1 e4 21. Rc1 g4 22. Qd2 Qg5 23. Qxg5 hxg5 24. Rc7 Rd8 25. Rec1 Bf6 26. Bf1 1-0

[Event "BUL-chT 70th"]
[Site "Primorsko"]
[Date "2020.09.14"]
[Round "7.3"]
[White "Ermenkov, Evgenij"]
[Black "Dimitrov, Vladimir"]
[Result "1/2-1/2"]
[WhiteElo "2378"]
[BlackElo "2309"]
[PlyCount "20"]
[EventDate "2020.09.09"]
[EventType "team-tourn"]
[EventRounds "7"]
[EventCountry "BUL"]
[SourceTitle "CBM 198 Extra"]
[Source "ChessBase"]
[SourceDate "2020.11.30"]
[SourceVersion "1"]
[SourceVersionDate "2020.11.30"]
[SourceQuality "1"]
[WhiteTeam "Dobrich Energiya 21"]
[BlackTeam "Sofia Levski"]
[WhiteTeamCountry "BUL"]
[BlackTeamCountry "BUL"]

1. d4 d5 2. c4 c6 3. cxd5 cxd5 4. Nc3 Nc6 5. Nf3 Nf6 6. Bf4 Bf5 7. e3 e6 8. Bd3 Bxd3 9. Qxd3 Bd6 10. Bxd6 Qxd6 1/2-1/2

[Event "BUL-chT 70th"]
[Site "Primorsko"]
[Date "2020.09.13"]
[Round "6.2"]
[White "Dimitrov, Vladimir"]
[Black "Kulev, Atanas"]
[Result "1-0"]
[WhiteElo "2309"]
[BlackElo "1697"]
[PlyCount "61"]
[EventDate "2020.09.09"]
[EventType "team-tourn"]
[EventRounds "7"]
[EventCountry "BUL"]
[SourceTitle "CBM 198 Extra"]
[Source "ChessBase"]
[SourceDate "2020.11.30"]
[SourceVersion "1"]
[SourceVersionDate "2020.11.30"]
[SourceQuality "1"]
[WhiteTeam "Sofia Levski"]
[BlackTeam "Sofia Slavia"]
[WhiteTeamCountry "BUL"]
[BlackTeamCountry "BUL"]

1. e4 c5 2. Nf3 e6 3. d4 cxd4 4. Nxd4 Nf6 5. Nc3 Nc6 6. Ndb5 Bb4 7. a3 Bxc3+ 8. Nxc3 0-0 9. Qd6 Qb6 10. Bd3 Qd4 11. Bf4 a6 12. Qxd4 Nxd4 13. Bd6 Re8 14. e5 Nd5 15. Nxd5 exd5 16. 0-0-0 Nc6 17. f4 b5 18. Bf5 d4 19. Rhe1 a5 20. b3 g6 21. Bg4 h5 22. Bh3 Ra6 23. g4 hxg4 24. Bxg4 Kg7 25. h4 Rh8 26. h5 f6 27. Be2 Rb6 28. Rg1 Rh6 29. Bd3 fxe5 30. fxe5 Rxh5 31. Rxg6+ 1-0

[Event "Graz op-A"]
[Site "Graz"]
[Date "2020.02.21"]
[Round "9"]
[White "Dimitrov, Vladimir"]
[Black "Kozak, Antoni"]
[Result "1/2-1/2"]
[WhiteElo "2285"]
[BlackElo "2372"]
[PlyCount "32"]
[EventDate "2020.02.14"]
[EventType "swiss"]
[EventRounds "9"]
[EventCountry "AUT"]
[SourceTitle "CBM 195 Extra"]
[Source "ChessBase"]
[SourceDate "2020.05.31"]
[SourceVersion "1"]
[SourceVersionDate "2020.05.31"]
[SourceQuality "1"]

1. d4 f5 2. c4 Nf6 3. Nc3 g6 4. h4 Bg7 5. h5 Nxh5 6. e4 Nf6 7. e5 Ne4 8. Nxe4 fxe4 9. Qg4 c5 10. d5 Bxe5 11. Rxh7 Rxh7 12. Qxg6+ Rf7 13. Qg8+ Rf8 14. Qg6+ Rf7 15. Qg8+ Rf8 16. Qg6+ Rf7 1/2-1/2

[Event "Graz op-A"]
[Site "Graz"]
[Date "2020.02.19"]
[Round "7"]
[White "Dimitrov, Vladimir"]
[Black "Froewis, Georg"]
[Result "1/2-1/2"]
[WhiteElo "2285"]
[BlackElo "2461"]
[PlyCount "94"]
[EventDate "2020.02.14"]
[EventType "swiss"]
[EventRounds "9"]
[EventCountry "AUT"]
[SourceTitle "CBM 195 Extra"]
[Source "ChessBase"]
[SourceDate "2020.05.31"]
[SourceVersion "1"]
[SourceVersionDate "2020.05.31"]
[SourceQuality "1"]

1. d4 d5 2. c4 e6 3. Nc3 a6 4. cxd5 exd5 5. Nf3 Nf6 6. Bg5 Be6 7. e3 Nbd7 8. Bd3 Bd6 9. 0-0 0-0 10. h3 c6 11. Bf4 Qb8 12. Bxd6 Qxd6 13. Qc2 Rfe8 14. Rfe1 Nf8 15. Na4 Rad8 16. Nc5 Bc8 17. b4 Ne4 18. Bxe4 dxe4 19. Nxe4 Qxb4 20. Nc5 Qa5 21. Rab1 b6 22. Na4 Qh5 23. Ne5 c5 24. Nxb6 cxd4 25. exd4 Bf5 26. Qd1 Qh6 27. Rb3 Qd6 28. Qf3 Be6 29. d5 Bxd5 30. Qxd5 Qxd5 31. Nxd5 Rxd5 32. Nf3 Rxe1+ 33. Nxe1 g6 34. Nd3 Ne6 35. Nb4 Rd1+ 36. Kh2 a5 37. Nc6 a4 38. Rb4 Rd6 39. Ne5 Rd4 40. Rb7 Rd2 41. Nxf7 Rxa2 42. Nh6+ Kf8 43. Rxh7 Rxf2 44. Ra7 Ra2 45. Ng4 g5 46. Nf6 Nf4 47. Rd7 Rxg2+ 1/2-1/2

[Event "Graz op-A"]
[Site "Graz"]
[Date "2020.02.17"]
[Round "4"]
[White "Hoefelsauer, Thomas"]
[Black "Dimitrov, Vladimir"]
[Result "0-1"]
[WhiteElo "2390"]
[BlackElo "2285"]
[PlyCount "86"]
[EventDate "2020.02.14"]
[EventType "swiss"]
[EventRounds "9"]
[EventCountry "AUT"]
[SourceTitle "CBM 195 Extra"]
[Source "ChessBase"]
[SourceDate "2020.05.31"]
[SourceVersion "1"]
[SourceVersionDate "2020.05.31"]
[SourceQuality "1"]

1. d4 Nf6 2. c4 e6 3. g3 c5 4. Nf3 cxd4 5. Nxd4 Qc7 6. Bg2 Qxc4 7. 0-0 Nc6 8. Nb3 d5 9. Nc3 Bb4 10. Bf4 0-0 11. Rc1 Qa6 12. a3 Be7 13. e4 Rd8 14. exd5 exd5 15. Re1 Bg4 16. f3 d4 17. Bf1 dxc3 18. Bxa6 Rxd1 19. Rcxd1 Bxf3 20. Rd3 bxa6 21. Rxf3 cxb2 22. Rc3 Nd8 23. Nd2 Ne6 24. Nb1 Nd5 25. Rc4 Ndxf4 26. gxf4 g6 27. Rd1 Rb8 28. Rd3 Rb5 29. Rd1 Rb3 30. Rf1 Rb5 31. a4 Rf5 32. Rc2 Bf6 33. Rc4 Kg7 34. Nd2 Bd4+ 35. Kh1 Be3 36. Rc2 Bd4 37. Nc4 Rxf4 38. Rb1 Bf6 39. Kg2 h5 40. Nxb2 Rb4 41. Kf2 Nf4 42. Ke3 g5 43. a5 h4 0-1

[Event "Graz op-A"]
[Site "Graz"]
[Date "2020.02.16"]
[Round "3"]
[White "Dimitrov, Vladimir"]
[Black "Kilgus, Georg"]
[Result "0-1"]
[WhiteElo "2285"]
[BlackElo "2450"]
[PlyCount "66"]
[EventDate "2020.02.14"]
[EventType "swiss"]
[EventRounds "9"]
[EventCountry "AUT"]
[SourceTitle "CBM 195 Extra"]
[Source "ChessBase"]
[SourceDate "2020.05.31"]
[SourceVersion "1"]
[SourceVersionDate "2020.05.31"]
[SourceQuality "1"]

1. d4 Nf6 2. c4 e6 3. Nc3 Bb4 4. e3 b6 5. Nge2 Ne4 6. Qc2 Bb7 7. a3 Bxc3+ 8. Nxc3 Nxc3 9. Qxc3 d6 10. b3 Nd7 11. Bb2 Qh4 12. Ke2 0-0 13. f3 f5 14. Qe1 Qe7 15. Rd1 e5 16. d5 c6 17. dxc6 Bxc6 18. Kf2 g5 19. Qd2 Rf6 20. Bd3 g4 21. h3 gxf3 22. gxf3 Rg6 23. h4 Bxf3 24. Kxf3 e4+ 25. Kf2 exd3 26. Qxd3 Qe4 27. Qd5+ Qxd5 28. Rxd5 Nc5 29. h5 Ne4+ 30. Kf3 Rg3+ 31. Kf4 Rg2 32. Rxf5 Re8 33. Be5 Nd2 0-1

[Event "Zadar op-A 26th"]
[Site "Zadar"]
[Date "2019.12.16"]
[Round "3"]
[White "Nguyen, Piotr"]
[Black "Dimitrov, Vladimir"]
[Result "1-0"]
[WhiteElo "2413"]
[BlackElo "2285"]
[PlyCount "97"]
[EventDate "2019.12.15"]
[EventType "swiss"]
[EventRounds "9"]
[EventCountry "CRO"]
[SourceTitle "CBM 193 Extra"]
[Source "ChessBase"]
[SourceDate "2020.01.31"]
[SourceVersion "1"]
[SourceVersionDate "2020.01.31"]
[SourceQuality "1"]

1. Nf3 c5 2. c4 Nc6 3. b3 e5 4. Nc3 g6 5. Bb2 Bg7 6. g3 Nge7 7. Bg2 0-0 8. 0-0 d6 9. d3 a6 10. e3 Rb8 11. Qe2 h6 12. Nd2 f5 13. f4 exf4 14. gxf4 Be6 15. Rab1 Qd7 16. a3 d5 17. cxd5 Nxd5 18. Nxd5 Bxd5 19. b4 Bxg2 20. Kxg2 Bxb2 21. Rxb2 cxb4 22. axb4 Rfe8 23. Nf3 Re6 24. d4 Ne7 25. b5 axb5 26. Ne5 Qd5+ 27. Kf2 Ra8 28. Rfb1 b4 29. Rxb4 Ra2 30. R1b2 Rxb2 31. Qxb2 g5 32. Qb3 gxf4 33. exf4 Ra6 34. Rxb7 Ra2+ 35. Kg3 Rg2+ 36. Kh3 Qxb3+ 37. Rxb3 Rd2 38. Rd3 Rxd3+ 39. Nxd3 Kf7 40. Nb4 Ke6 41. Kh4 Ng6+ 42. Kg3 Kd6 43. Kf3 Nh4+ 44. Kf2 Ng6 45. Ke3 Nf8 46. Nc2 Ne6 47. Kf3 Kc6 48. d5+ Kxd5 49. Ne3+ 1-0

[Event "Skopje op"]
[Site "Skopje"]
[Date "2019.12.09"]
[Round "6"]
[White "Veljanoski, Andrej"]
[Black "Dimitrov, Vladimir"]
[Result "0-1"]
[WhiteElo "2029"]
[BlackElo "2285"]
[PlyCount "74"]
[EventDate "2019.12.06"]
[EventType "swiss"]
[EventRounds "9"]
[EventCountry "MKD"]
[SourceTitle "CBM 193 Extra"]
[Source "ChessBase"]
[SourceDate "2020.01.31"]
[SourceVersion "1"]
[SourceVersionDate "2020.01.31"]
[SourceQuality "1"]

1. e4 c5 2. Nf3 d6 3. d4 cxd4 4. Nxd4 Nf6 5. Nc3 a6 6. h3 e6 7. g4 Be7 8. Bg2 Nfd7 9. Be3 Ne5 10. b3 0-0 11. 0-0 Nbc6 12. Nce2 Bd7 13. c4 Ng6 14. Nxc6 Bxc6 15. Nd4 Bd7 16. f4 Qc7 17. g5 Rfe8 18. Qh5 Bf8 19. Rae1 Rac8 20. f5 Ne5 21. fxe6 Bxe6 22. Nxe6 Rxe6 23. h4 Rb8 24. Bh3 Ree8 25. Qd1 b5 26. cxb5 Rxb5 27. Rf2 Qb7 28. Bd4 Ng6 29. Qg4 Rb4 30. Rd2 d5 31. h5 Rxd4 32. Rxd4 Ne5 33. exd5 Nxg4 34. Rxe8 Qb6 35. Ree4 Ne5 36. Kg2 Bd6 37. Rd2 Qd8 0-1

[Event "Veliko Gradiste Silver Lake op"]
[Site "Veliko Gradiste"]
[Date "2019.06.23"]
[Round "9"]
[White "Dimitrov, Vladimir"]
[Black "Radeva, Viktoria"]
[Result "0-1"]
[WhiteElo "2309"]
[BlackElo "2214"]
[PlyCount "34"]
[EventDate "2019.06.16"]
[EventType "swiss"]
[EventRounds "9"]
[EventCountry "SRB"]
[SourceTitle "CBM 191 Extra"]
[Source "ChessBase"]
[SourceDate "2019.09.30"]
[SourceVersion "1"]
[SourceVersionDate "2019.09.30"]
[SourceQuality "1"]

1. e4 c5 2. Nf3 e6 3. g3 Nc6 4. Bg2 Nf6 5. Qe2 d5 6. exd5 Nxd5 7. 0-0 Be7 8. Rd1 Nf6 9. c3 0-0 10. d4 cxd4 11. Nxd4 Nxd4 12. Rxd4 Qb6 13. a4 a5 14. Na3 Bd7 15. Nc4 Qa6 16. Bg5 Rfd8 17. Rad1 Bxa4 0-1

[Event "Veliko Gradiste Silver Lake op"]
[Site "Veliko Gradiste"]
[Date "2019.06.22"]
[Round "8"]
[White "Pikula, Dejan"]
[Black "Dimitrov, Vladimir"]
[Result "1-0"]
[WhiteElo "2468"]
[BlackElo "2309"]
[PlyCount "37"]
[EventDate "2019.06.16"]
[EventType "swiss"]
[EventRounds "9"]
[EventCountry "SRB"]
[SourceTitle "CBM 191 Extra"]
[Source "ChessBase"]
[SourceDate "2019.09.30"]
[SourceVersion "1"]
[SourceVersionDate "2019.09.30"]
[SourceQuality "1"]

1. e4 c5 2. Nf3 d6 3. Bb5+ Nd7 4. 0-0 a6 5. Bd3 g6 6. c3 Ne5 7. Be2 Nxf3+ 8. Bxf3 Bg7 9. d4 Qb6 10. d5 Nf6 11. Nd2 Qc7 12. a4 e5 13. b4 Nd7 14. a5 0-0 15. Qb3 cxb4 16. Qxb4 Nc5 17. Ba3 Bd7 18. Nc4 Rac8 19. Qb6 1-0

[Event "Veliko Gradiste Silver Lake op"]
[Site "Veliko Gradiste"]
[Date "2019.06.17"]
[Round "3"]
[White "Budisavljevic, Luka"]
[Black "Dimitrov, Vladimir"]
[Result "0-1"]
[WhiteElo "2381"]
[BlackElo "2309"]
[PlyCount "70"]
[EventDate "2019.06.16"]
[EventType "swiss"]
[EventRounds "9"]
[EventCountry "SRB"]
[SourceTitle "CBM 191 Extra"]
[Source "ChessBase"]
[SourceDate "2019.09.30"]
[SourceVersion "1"]
[SourceVersionDate "2019.09.30"]
[SourceQuality "1"]

1. d4 Nf6 2. Nf3 e6 3. Bf4 d5 4. e3 c5 5. c3 Nc6 6. Nbd2 Bd6 7. Bg3 0-0 8. Bd3 b6 9. e4 Be7 10. e5 Nh5 11. Ng5 Bxg5 12. Qxh5 g6 13. Qe2 cxd4 14. h4 Bxd2+ 15. Qxd2 f5 16. cxd4 Nxd4 17. Qc3 f4 18. Bh2 Nf5 19. Bxf4 Nxh4 20. Bh6 Rf7 21. Qd4 Nf5 22. Qf4 a5 23. Bg5 Qf8 24. g4 Nh4 25. Qc1 Nf3+ 26. Kd1 Nxe5 27. Be2 d4 28. f4 d3 29. Bf1 Bb7 30. Rh3 Nf3 31. Bh6 Qb4 32. Qc3 Qe4 33. Bxd3 Rd8 34. Kc2 Rxd3 35. Qxd3 Rc7+ 0-1

[Event "Paracin Summer op-A 11th"]
[Site "Paracin"]
[Date "2018.07.09"]
[Round "4"]
[White "Dimitrov, Vladimir"]
[Black "Rahul, Srivatshav P"]
[Result "1/2-1/2"]
[WhiteElo "2308"]
[BlackElo "2397"]
[PlyCount "71"]
[EventDate "2018.07.06"]
[EventType "swiss"]
[EventRounds "9"]
[EventCountry "SRB"]
[SourceTitle "CBM 185 Extra"]
[Source "ChessBase"]
[SourceDate "2018.07.29"]
[SourceVersion "1"]
[SourceVersionDate "2018.07.29"]
[SourceQuality "1"]

1. d4 Nf6 2. c4 g6 3. Nc3 Bg7 4. e4 0-0 5. h3 d6 6. Be3 Na6 7. Nf3 e5 8. d5 c6 9. g4 Nc5 10. Qc2 a5 11. 0-0-0 Qe7 12. Nd2 a4 13. a3 Bd7 14. Be2 cxd5 15. exd5 b6 16. Rdg1 Ne8 17. h4 f5 18. f3 e4 19. fxe4 fxe4 20. h5 Qe5 21. hxg6 hxg6 22. Ndxe4 Nf6 23. Nxf6+ Rxf6 24. Rh3 Nb3+ 25. Kb1 Nd4 26. Qd3 Nxe2 27. Qxe2 Raf8 28. Ka2 R6f7 29. Rgg3 b5 30. cxb5 Rc8 31. Qd3 Rxc3 32. bxc3 Bxb5 33. Qxb5 Qxc3 34. Qe8+ Rf8 35. Qe6+ Rf7 36. Qe8+ 1/2-1/2

[Event "Paracin Summer op-A 11th"]
[Site "Paracin"]
[Date "2018.07.07"]
[Round "3"]
[White "Yilmazyerli, Mert"]
[Black "Dimitrov, Vladimir"]
[Result "1/2-1/2"]
[WhiteElo "2491"]
[BlackElo "2308"]
[PlyCount "39"]
[EventDate "2018.07.06"]
[EventType "swiss"]
[EventRounds "9"]
[EventCountry "SRB"]
[SourceTitle "CBM 185 Extra"]
[Source "ChessBase"]
[SourceDate "2018.07.29"]
[SourceVersion "1"]
[SourceVersionDate "2018.07.29"]
[SourceQuality "1"]

1. d4 Nf6 2. Nf3 e6 3. c4 b6 4. g3 Ba6 5. Qc2 Bb7 6. Bg2 c5 7. d5 exd5 8. cxd5 Nxd5 9. 0-0 Be7 10. Rd1 Qc8 11. Qf5 Nf6 12. Nc3 0-0 13. e4 d6 14. Qxc8 Rxc8 15. Nh4 Ne8 16. Nf5 Bf8 17. Bf4 Nc6 18. Nb5 Ne5 19. Nbxd6 Nxd6 20. Bxe5 1/2-1/2

[Event "Skopje Karposh op"]
[Site "Skopje"]
[Date "2018.03.29"]
[Round "7"]
[White "Pancevski, Filip"]
[Black "Dimitrov, Vladimir"]
[Result "1/2-1/2"]
[WhiteElo "2496"]
[BlackElo "2309"]
[PlyCount "28"]
[EventDate "2018.03.24"]
[EventType "swiss"]
[EventRounds "9"]
[EventCountry "MKD"]
[SourceTitle "CBM 183 Extra"]
[Source "ChessBase"]
[SourceDate "2018.04.19"]
[SourceVersion "1"]
[SourceVersionDate "2018.04.19"]
[SourceQuality "1"]

1. g3 c5 2. Bg2 Nc6 3. c4 g6 4. Nc3 Bg7 5. a3 b6 6. b4 Bb7 7. Rb1 Bxc3 8. dxc3 d6 9. Nh3 Qd7 10. Nf4 Nd8 11. e4 Rc8 12. Qe2 f5 13. Nd5 fxe4 14. Qxe4 Qf5 1/2-1/2

[Event "Paracin Winter op"]
[Site "Paracin"]
[Date "2018.02.03"]
[Round "7"]
[White "Radojkovic, Stefan"]
[Black "Dimitrov, Vladimir"]
[Result "1/2-1/2"]
[WhiteElo "2058"]
[BlackElo "2307"]
[PlyCount "20"]
[EventDate "2018.01.30"]
[EventType "swiss"]
[EventRounds "9"]
[EventCountry "SRB"]
[SourceTitle "CBM 182 Extra"]
[Source "ChessBase"]
[SourceDate "2018.02.23"]
[SourceVersion "1"]
[SourceVersionDate "2018.02.23"]
[SourceQuality "1"]

1. e4 c5 2. Nf3 e6 3. Nc3 Nc6 4. g3 a6 5. Bg2 d6 6. 0-0 Nf6 7. h3 Be7 8. d3 0-0 9. Nh2 Nd7 10. f4 b5 1/2-1/2

[Event "Paracin Winter op"]
[Site "Paracin"]
[Date "2018.02.01"]
[Round "4"]
[White "Dimitrov, Vladimir"]
[Black "Brankovic, Dejan"]
[Result "1/2-1/2"]
[WhiteElo "2307"]
[BlackElo "2376"]
[PlyCount "20"]
[EventDate "2018.01.30"]
[EventType "swiss"]
[EventRounds "9"]
[EventCountry "SRB"]
[SourceTitle "CBM 182 Extra"]
[Source "ChessBase"]
[SourceDate "2018.02.23"]
[SourceVersion "1"]
[SourceVersionDate "2018.02.23"]
[SourceQuality "1"]

1. c4 Nf6 2. g3 g6 3. Bg2 Bg7 4. Nc3 0-0 5. Nf3 d6 6. 0-0 e5 7. d3 c6 8. Rb1 a5 9. a3 Re8 10. Bg5 d5 1/2-1/2

[Event "Senta op 21st"]
[Site "Senta"]
[Date "2017.07.31"]
[Round "9"]
[White "Farkas, Tibor"]
[Black "Dimitrov, Vladimir"]
[Result "1/2-1/2"]
[WhiteElo "2309"]
[BlackElo "2359"]
[PlyCount "23"]
[EventDate "2017.07.24"]
[EventType "swiss"]
[EventRounds "9"]
[EventCountry "SRB"]
[SourceTitle "CBM 179 Extra"]
[Source "ChessBase"]
[SourceDate "2017.08.23"]
[SourceVersion "1"]
[SourceVersionDate "2017.08.23"]
[SourceQuality "1"]

1. c4 c5 2. Nc3 Nc6 3. Nf3 Nf6 4. g3 g6 5. Bg2 Bg7 6. 0-0 0-0 7. d4 cxd4 8. Nxd4 Nxd4 9. Qxd4 d6 10. Qd3 Bf5 11. e4 Be6 12. Bd2 1/2-1/2

[Event "Senta op 21st"]
[Site "Senta"]
[Date "2017.07.26"]
[Round "3"]
[White "Nagy, Attila"]
[Black "Dimitrov, Vladimir"]
[Result "1/2-1/2"]
[WhiteElo "2178"]
[BlackElo "2359"]
[PlyCount "25"]
[EventDate "2017.07.24"]
[EventType "swiss"]
[EventRounds "9"]
[EventCountry "SRB"]
[SourceTitle "CBM 179 Extra"]
[Source "ChessBase"]
[SourceDate "2017.08.23"]
[SourceVersion "1"]
[SourceVersionDate "2017.08.23"]
[SourceQuality "1"]

1. c4 c5 2. Nf3 Nc6 3. Nc3 g6 4. e3 Nf6 5. d4 cxd4 6. exd4 d5 7. cxd5 Nxd5 8. Qb3 Nxc3 9. bxc3 Bg7 10. Be2 0-0 11. 0-0 b6 12. Rd1 Qc7 13. Bg5 1/2-1/2

[Event "Senta op 21st"]
[Site "Senta"]
[Date "2017.07.25"]
[Round "2"]
[White "Dimitrov, Vladimir"]
[Black "Bernath, Robert"]
[Result "1-0"]
[WhiteElo "2359"]
[BlackElo "2087"]
[PlyCount "51"]
[EventDate "2017.07.24"]
[EventType "swiss"]
[EventRounds "9"]
[EventCountry "SRB"]
[SourceTitle "CBM 179 Extra"]
[Source "ChessBase"]
[SourceDate "2017.08.23"]
[SourceVersion "1"]
[SourceVersionDate "2017.08.23"]
[SourceQuality "1"]

1. d4 Nf6 2. c4 g6 3. Nc3 d5 4. cxd5 Nxd5 5. e4 Nxc3 6. bxc3 Bg7 7. Nf3 c5 8. Be3 Qa5 9. Qd2 Bg4 10. Rb1 a6 11. Rxb7 Nc6 12. Bc4 0-0 13. Bd5 Bxf3 14. gxf3 cxd4 15. cxd4 Qxd2+ 16. Kxd2 Nxd4 17. Rxe7 Rad8 18. f4 Nf5 19. Ra7 Rfe8 20. Ke2 Nd4+ 21. Kf1 Ne6 22. Kg2 Kf8 23. Rc1 Re7 24. Rxa6 Nc7 25. Ra5 Nxd5 26. Rxd5 1-0

[Event "Senta op 21st"]
[Site "Senta"]
[Date "2017.07.24"]
[Round "1"]
[White "Zhukov, Anton"]
[Black "Dimitrov, Vladimir"]
[Result "0-1"]
[WhiteElo "1888"]
[BlackElo "2359"]
[PlyCount "76"]
[EventDate "2017.07.24"]
[EventType "swiss"]
[EventRounds "9"]
[EventCountry "SRB"]
[SourceTitle "CBM 179 Extra"]
[Source "ChessBase"]
[SourceDate "2017.08.23"]
[SourceVersion "1"]
[SourceVersionDate "2017.08.23"]
[SourceQuality "1"]

1. d4 Nf6 2. c4 e6 3. g3 c5 4. d5 exd5 5. cxd5 d6 6. Bg2 g6 7. Nf3 Bg7 8. 0-0 0-0 9. Nc3 Nbd7 10. Bf4 Qe7 11. Re1 a6 12. a4 Ng4 13. e4 Nge5 14. Qe2 Nxf3+ 15. Bxf3 Rb8 16. Bg2 Re8 17. Rac1 b5 18. axb5 axb5 19. h4 c4 20. Bg5 Qf8 21. Na2 f5 22. f3 fxe4 23. fxe4 Be5 24. Kh2 Qg7 25. Rc2 b4 26. Rxc4 Ba6 27. b3 Nf6 28. Qc2 Bxc4 29. Qxc4 Nh5 30. Bf4 Nxf4 31. gxf4 Bxf4+ 32. Kh1 Qe7 33. Qe2 Qxh4+ 34. Kg1 Bh2+ 35. Kh1 Bg3+ 36. Kg1 Qh2+ 37. Kf1 Rf8+ 38. Bf3 Qh1# 0-1

[Event "Vojvodina op 8th"]
[Site "Novi Sad"]
[Date "2017.07.18"]
[Round "3"]
[White "Dimitrov, Vladimir"]
[Black "Vujinovic, Predrag"]
[Result "1/2-1/2"]
[WhiteElo "2359"]
[BlackElo "2102"]
[PlyCount "27"]
[EventDate "2017.07.16"]
[EventType "swiss"]
[EventRounds "9"]
[EventCountry "SRB"]
[SourceTitle "EXT 2018"]
[Source "ChessBase"]
[SourceDate "2017.10.13"]
[SourceVersion "1"]
[SourceVersionDate "2017.10.13"]
[SourceQuality "1"]

1. d4 d5 2. c4 c6 3. Nc3 Nf6 4. e3 e6 5. Nf3 Nbd7 6. Bd3 dxc4 7. Bxc4 b5 8. Bd3 Bb7 9. 0-0 a6 10. a4 Bd6 11. Ne4 Nxe4 12. Bxe4 g5 13. Nd2 h5 14. g3 1/2-1/2